000 04586ccm a2200385Ia 4500
999 _c2631
_d2631
001 30025696
003 OCoLC
005 20181017103507.0
008 940325s1993 caumug n eng d
028 3 2 _a38597-6194-7
_bMaranatha! Music
035 _a(OCoLC)30025696
040 _aMLH
_beng
_cMLH
_dIOU
_dOCL
_dOCLCQ
_dOCLCF
_dP4I
_dOCLCO
_dOCLCQ
_dBGU
047 _ahy
_asg
050 4 _aM2117
_b.M373 1993
082 0 4 _a783.9
_bC775M
090 _aM2117
_b.M17 1993
245 0 0 _aMaranatha! Music praise chorus book /
_c[compiled by Tommy Coomes [and others] ; excutive editor, George Baldwin ; editor, Carl Seal ; assistant editor, Michael Cates]
246 3 _aPraise chorus book
250 _aExpanded 3rd ed
260 _a[Costa Mesa, Calif.?] :
_bMaranatha! Music ;
_aLaguna Hills, CA :
_bDistributed by the Corinthian Group,
_c©1993
300 _a1 close score (approximately 350 pages) ;
_c27 cm
336 _anotated music
_bntm
_2rdacontent
337 _aunmediated
_bn
_2rdamedia
338 _avolume
_bnc
_2rdacarrier
500 _aFor voice, piano and guitar
500 _aProminent on t.p.: Praise chorus book
500 _a"A collection of over 300 popular songs for praise and worship including over 150 new songs"--Cover
500 _aIncludes indexes
505 2 0 _tAll hail, King Jesus --
_tShine, Jesus, shine (Lord, the light of your love) --
_tLord, You are so precious to me --
_tAll heaven declares --
_tCome on and celebrate --
_tBlessed be the Lord God almighty --
_tGive thanks --
_tBeautiful --
_tI exalt Thee --
_tEverlasting Father --
_tGreat is the Lord --
_tMost holy one --
_tHow great You are --
_tFor His name is exalted --
_tCome into His presence --
_tAs we gather --
_tHallowed be Thy name --
_tHe has made me glad (I will enter His gates) --
_tHallelujah, our God reigns --
_tBecause He lives --
_tI love You, Lord --
_tThis is what I believe --
_tA shield about me --
_tTo the lamb --
_tBe exalted, o God --
_tIn Him we live --
_tI will rejoice --
_tAs the deer --
_tIt is good to praise the Lord --
_tEverthing's gonna be alright --
_tI take refuge in you --
_tI really want to worship you, my Lord (You laid aside Your majesty) --
_tJesus, mighty God --
_tMay Your kingdom come --
_tWe've come to praise You --
_tEmmanuel --
_tGlory to the lamb --
_tProtector of my soul --
_tCreate in me a clean heart --
_tHoly love, holy light --
_tIn His time --
_tLet us worship Lord Jehovah --
_tBind us together --
_tIn the Lord alone --
_tBehold, what manner of love --
_tYou are holy --
_tJesus, name above all names --
_tCares chorus --
_tMake your presence known --
_tChange my heart, o God --
_tFear not --
_tThe holy heart --
_tGreat hope --
_tI lift your name --
_tHe is able --
_tHe is holy --
_tEverlasting --
_tCome and sing praises --
_tI will bless the Lord --
_tOne song of praise --
_tI will celebrate --
_tBeloved --
_tRighteous One --
_tThe Lord is my light --
_tWe believe (in God the Father) --
_tI will sing of the mercies --
_tThere is none holy as the Lord --
_tHe is the King of glory --
_tFollow me --
_tSo much more (immer mehr) --
_tCome into the holy of holies --
_tPurify my heart --
_tJesus, draw me close --
_tCreate in me --
_tI worship you, almighty God --
_tBless His holy name --
_tCommune with me --
_tThe name of the Lord --
_tYou are the one --
_tHow excellent Your name --
_tOh, the glory of Your presence --
_tHe is faithful --
_tYou are the Lord --
_tExalt the Lord our God --
_tI will bless the, o Lord --
_tDraw me into your presence --
_tThe Lord thy God in the midst --
_tMy soul waits (Psalm 130) --
_tBe bold, be strong --We have overcome --
_tGreat are you, Lord --
_tAll honour --
_tI will delight (in the law of the Lord) --
_tCelebrate, celebrate --
_tOur God is faithful --
_tFor the Lord is marching on --
_tWe bow down --
_tLet the redeemed --
_tBlessed be the name of the Lord --
_tTo Him who sits on the throne --
_tGreat is the Lord --
_tHe is our peace --
_tThe trees of the field (you shall go out with joy) --
_tAwesome in power --
_tCome, let us worship and bow down --
_tArise, shine --
_tFamily song --
_tHis name is wonderful --
_tI need You --
_tDay by day (Lord I treasure You) --
_tHe is exalted --
_tI will celebrate --
_tIn moments like these --
_tFather God, I wonder (I will sing Your praises) --
_tCelebrate Jesus --
_tFather, make us one --
_tIsn't he? --
_tHeaven is in my heart --
_tI stand in awe --
_tMy life is in You, Lord --
_tShepherd of my soul --
_tThe Lord our God is with us --
_tGlorify thy name --
_tArise and sing
650 0 _aHymns, English
650 0 _aChoruses, Sacred
650 0 _aContemporary Christian music
700 1 _aBaldwin, George (Music editor)
942 _2ddc
_cBK